Matrix computations (Record no. 793)
[ view plain ]
| 000 -LEADER | |
|---|---|
| fixed length control field | 01010 a2200265 4500 |
| 008 - FIXED-LENGTH DATA ELEMENTS--GENERAL INFORMATION | |
| fixed length control field | 080821t xxu||||| |||| 00| 0 eng d |
| 010 ## - LIBRARY OF CONGRESS CONTROL NUMBER | |
| LC control number | ENG-84952 |
| 020 ## - INTERNATIONAL STANDARD BOOK NUMBER | |
| International Standard Book Number | 8185931720 |
| Terms of availability | 600.00 |
| 020 ## - INTERNATIONAL STANDARD BOOK NUMBER | |
| International Standard Book Number | . |
| 035 ## - SYSTEM CONTROL NUMBER | |
| System control number | EN-68485 |
| 037 ## - SOURCE OF ACQUISITION | |
| Source of stock number/acquisition | D.B.Act / Pub |
| 082 ## - DEWEY DECIMAL CLASSIFICATION NUMBER | |
| Classification number | 512.9434 |
| 100 ## - MAIN ENTRY--PERSONAL NAME | |
| Personal name | Golub, Gene H. |
| 245 ## - TITLE STATEMENT | |
| Title | Matrix computations |
| Statement of responsibility, etc | by Gene H. Golub and Charles F. Van Loan. |
| 250 ## - EDITION STATEMENT | |
| Edition statement | 3rd ed. |
| 260 ## - PUBLICATION, DISTRIBUTION, ETC. (IMPRINT) | |
| Place of publication, distribution, etc | New Delhi |
| Name of publisher, distributor, etc | Hindustan Book Agency |
| Date of publication, distribution, etc | 2007 |
| 270 ## - ADDRESS | |
| Address | P 19, Green Park Ext. |
| City | New Delhi |
| State or province | Delhi |
| Postal code | 110016 |
| Electronic mail address | hba@vsnl.com |
| 300 ## - PHYSICAL DESCRIPTION | |
| Extent | xxvii, 694 p. ; |
| Dimensions | 24 cm. (Pbk) |
| 490 ## - SERIES STATEMENT | |
| Series statement | Texts and readings in mathematics |
| Volume number/sequential designation | 43 |
| 500 ## - GENERAL NOTE | |
| General note | Includes bibliographical references and index |
| 650 ## - SUBJECT ADDED ENTRY--TOPICAL TERM | |
| Topical term or geographic name as entry element | Matrices |
| General subdivision | Data processing. |
| 700 ## - ADDED ENTRY--PERSONAL NAME | |
| Personal name | Van Loan, Charles F. |
| 942 ## - ADDED ENTRY ELEMENTS (KOHA) | |
| Institution code [OBSOLETE] | dpl |
| Koha item type | English Books |
| Call number prefix | 512.9434 / GOL |
| Source of classification or shelving scheme | Dewey Decimal Classification |
| Classification part | 512.9434 |
| Call number suffix | GOL |
| Withdrawn status | Lost status | Damaged status | Not for loan | Home library | Current library | Date acquired | Cost, normal purchase price | Total Checkouts | Full call number | Barcode | Date last seen | Copy number | Uniform Resource Identifier | Cost, replacement price | Price effective from | Koha item type |
|---|---|---|---|---|---|---|---|---|---|---|---|---|---|---|---|---|
| D.B.Act.Division | D.B.Act.Division | 21/08/2008 | 600.00 | 512.9434 GOL | EN-68485 | 15/09/2008 | 1 | 761 | 600.00 | 15/09/2008 | English Books |
